000 00798nam a2200253Ia 4500
003 GCL
008 140319s9999 xx 000 0 ara d
040 _aGCL /
_cGCL
082 0 4 _aق
_b962.04
_bط ا
100 1 _aطلعت اسماعيل رمضان
245 1 0 _aالادارة المصرية فى فترة السيطرة البريطانية 1882 - 1922 /
_cطلعت اسماعيل رمضان
260 _aالقاهرة :
_bدار المعارف ،
_c1983
300 _a518 ص
490 _a
650 0 4 _aالعصر الحديث
650 0 4 _aمصر
650 0 4 _aتاريخ
650 0 4 _aالادارة المحلية
650 0 4 _aالموظفون
650 0 4 _aالاجانب
650 0 4 _aالحكومة
650 0 4 _aالاحتلال البريطانى
942 _2ddc
_cBK
999 _c52882
_d52882